| 000 | 00507nam a22002057a 4500 | ||
|---|---|---|---|
| 001 | sjds | ||
| 003 | sjds | ||
| 005 | 20221222130149.0 | ||
| 008 | 221222b sp ||||| |||| 00| 0 spa d | ||
| 020 | _a9788434837218 | ||
| 020 | _a8434837218 | ||
| 040 | _csjds | ||
| 041 | _aspa | ||
| 110 | 2 | _aCousteau Society | |
| 245 | 1 | 3 |
_aEl pez alga / _cCousteau Society |
| 246 | _aEl pez alga | ||
| 260 |
_aMadrid : _bSM, _c1992. |
||
| 300 |
_a 22 unnumbered pages : _bcolor illustrations ; _c26 cm |
||
| 942 | _cBK | ||
| 999 |
_c27610 _d27610 |
||